Statistiche per Regioni italiane da Sud a Nord

Clicka qui per fare il quiz!

Statistiche generali

  • Questo quiz è stato fatto 61 volte
  • Il punteggio medio è 17 su 20

Statistiche sulle risposte

Latitudine punto regionale più a SudRegione% Corretto
35°29′31″NSicilia
100%
37°54′56″NCalabria
98%
39°47′23″NPuglia
92%
39°53′41″NBasilicata
90%
39°59′26″NCampania
90%
38°51′33″NSardegna
90%
40°47′05″NLazio
85%
41°21′50″NMolise
85%
41°40′56″NAbruzzo
83%
43°46′35″NLiguria
83%
42°41′14″NMarche
81%
42°14′15″NToscana
81%
42°21′52″NUmbria
81%
43°43′55″NEmilia-Romagna
79%
44°40′47″NLombardia
79%
44°03′36″NPiemonte
79%
44°47′31″NVeneto
79%
45°40′23″NTrentino-Alto Adige
75%
45°28′02″NValle d'Aosta
73%
45°34′51″NFriuli-Venezia Giulia
69%

Distribuzione punteggi

Percentile per numero di risposta

Percentuale di utenti per punteggio

I tuoi punteggi nel tempo

Non hai fatto questo quiz